| 000 | 00711nam a22002057a 4500 | ||
|---|---|---|---|
| 005 | 20220315125326.0 | ||
| 008 | 220315b mx ||||| |||| 00| 0 spa d | ||
| 050 | 0 | 4 |
_aF1341 _bR63 2003 |
| 100 | 1 |
_aRobertson, Thomas A., _d1897-, _eautor. |
|
| 240 | 1 | 2 |
_aA southwestern utopia. _lEspañol |
| 245 | 1 | 0 |
_aUtopía en Sinaloa / _cThomas A. Robertson ; dibujos de Cas Duchow |
| 250 | _aPrimera edición | ||
| 260 |
_aMéxico, D.F. : _bSiglo XXI, _c2003 |
||
| 300 |
_a322 páginas : _bilustraciones ; _c21 cm |
||
| 490 | _aSerie los once ríos | ||
| 650 | 7 |
_2lemb _aMayos _xHistoria |
|
| 651 | 7 |
_2Lemb _aTopolobampo (Sinaloa) _xDescripcion y viajes |
|
| 700 | 1 |
_aDuchow, Cas, _eilustrador |
|
| 942 |
_2lcc _cLIB |
||
| 999 |
_c161073 _d161071 |
||